LEADER 01048nam2-2200325---450- 001 990000469870203316 035 $a0046987 035 $aUSA010046987 035 $a(ALEPH)000046987USA01 035 $a0046987 100 $a20010525d1860----km-y0itay0103----ba 101 $aita 102 $aIT 105 $a||||||||001yy 200 1 $aAgricoltura e quistioni economiche che la riguardano$eCochut, Lavergne, Dupuinode, Thornton, Bastiat, Stolipine...$v2 210 $aTorino$cStamperia dell'Unione Tipografico-Editrice$d1860 215 $aVII, 1063 p.$d26 cm 410 $12001 461 1$10010046982$12001$aBiblioteca dell'economista: seconda serie 676 $a330.155 801 0$aIT$bsalbc$gISBD 912 $a990000469870203316 951 $aISE VI 443/II.2$b6322 EC$cISE VI 959 $aBK 969 $aECO 979 $aPATTY$b90$c20010525$lUSA01$h1200 979 $c20020403$lUSA01$h1655 979 $aPATRY$b90$c20040406$lUSA01$h1633 996 $aAgricoltura e quistioni economiche che la riguardano$9889182 997 $aUNISA LEADER 01779nam a2200445 i 4500 001 991003691809707536 005 20021220115331.0 008 020111s1994 de ||| | eng 020 $a3540571116 035 $ab1184890x-39ule_inst 035 $aLE01313454$9ExL 040 $aDip.to Matematica$beng 082 0 $a519.4 084 $aAMS 35J 084 $aAMS 35K 084 $aAMS 35L 084 $aAMS 35Q30 084 $aAMS 65D 084 $aAMS 65F 084 $aAMS 65M 084 $aAMS 65N 084 $aAMS 76M 084 $aLC QA377.LC Q37 100 1 $aQuarteroni, Alfio$08375 245 10$aNumerical approximation of partial differential equations /$cAlfio Quarteroni, Alberto Valli 260 $aBerlin :$bSpringer-Verlag,$cc1994 300 $axvi, 543 p. :$bill. ;$c25 cm. 490 0 $aSpringer series in computational mathematics, $x0179-3632 ;$v23 504 $aIncludes bibliographical references (p. [509]-535) and index. 650 0$aApproximation theory 650 0$aPartial differential equations$xnumerical solutions 700 1 $aValli, Alberto$eauthor$4http://id.loc.gov/vocabulary/relators/aut$08376 907 $a.b1184890x$b28-04-17$c20-12-02 912 $a991003691809707536 945 $aLE006 510.40/510.41 QUA$g1$i2006000090094$lle006$o-$pE79.95$q-$rl$s- $t0$u3$v0$w3$x0$y.i12539818$z02-07-03 945 $aLE013 65M QUA11 C.2 (1994)$g2$i2013000132969$lle013$o-$pE0.00$q-$rl$s- $t0$u10$v1$w10$x0$y.i12101436$z20-12-02 945 $aLE013 65M QUA11 C.1 (1994)$g1$i2013000026800$lle013$o-$pE0.00$q-$rl$s- $t0$u2$v1$w2$x0$y.i10918929$z28-06-02 996 $aNumerical approximation of partial differential equations$982169 997 $aUNISALENTO 998 $ale006$a(2)le013$b01-01-02$cm$da $e-$feng$gde $h0$i3